000
00284nam a22001217a 4500
020
_a
0-356-08325-X
082
_a
923.5 MAC'G
100
_a
MACKSEY, KENNETH
_9
46254
245
_a
GUDERIAN ,PANZER GENERAL
260
_a
LONDON
_b
MACDONALD & JANE'S
_c
1976
300
_a
226
942
_c
BK
999
_c
571331
_d
571331